Factors affecting power plant waste heat utilization (Record no. 7187)

000 -LEADER
fixed length control field 00622nam a2200217 i 4500
001 - CONTROL NUMBER
control field 7187
003 - CONTROL NUMBER IDENTIFIER
control field BD-DhUET
008 - FIXED-LENGTH DATA ELEMENTS--GENERAL INFORMATION
fixed length control field 800102s1980 nyua b 101 0 eng
020 ## - INTERNATIONAL STANDARD BOOK NUMBER
International Standard Book Number 0080255485
040 ## - CATALOGING SOURCE
Original cataloging agency DLC
Transcribing agency DLC
Modifying agency BD-DhUET
082 00 - DEWEY DECIMAL CLASSIFICATION NUMBER
Classification number 621.402
Item number GOS/1980
245 10 - TITLE STATEMENT
Title Factors affecting power plant waste heat utilization
Statement of responsibility, etc. edited by L. Barry Goss and Lilabeth Scott
250 ## - EDITION STATEMENT
Edition statement 1st ed.
260 ## - PUBLICATION, DISTRIBUTION, ETC. (IMPRINT)
Place of publication, distribution, etc. New York
Name of publisher, distributor, etc. Pergamon Press
Date of publication, distribution, etc. 1980
300 ## - PHYSICAL DESCRIPTION
Extent xvii, 230 p.
Other physical details ill.
Dimensions 24 cm.
650 #0 - SUBJECT ADDED ENTRY--TOPICAL TERM
Topical term or geographic name as entry element Heat recovery
650 #0 - SUBJECT ADDED ENTRY--TOPICAL TERM
Topical term or geographic name as entry element Electric power-plants
700 ## - ADDED ENTRY--PERSONAL NAME
Personal name Goss, L. Barry
700 ## - ADDED ENTRY--PERSONAL NAME
Personal name Scott, Lilabeth
942 ## - ADDED ENTRY ELEMENTS (KOHA)
Koha item type Edited Book
Holdings
Shelving location Source of classification or shelving scheme Not for loan Koha normalized classification for sorting Price effective from Piece designation (barcode) Withdrawn status Damaged status Sublocation or collection (holding branch) Lost status Koha item type Koha date last seen Copy number Koha full call number Location (home branch) Date acquired
Circulation section  621_402000000000000_GOS19802014-12-0769035  Central Library, BUET Edited Book2014-12-071621.402/ GOS/1980Central Library, BUET2014-12-07
Circulation section  621_402000000000000_GOS19802014-12-0769036  Central Library, BUET Edited Book2014-12-072621.402/ GOS/1980Central Library, BUET2014-12-07
Circulation section  621_402000000000000_GOS19802014-12-0771853  Central Library, BUET Edited Book2014-12-073621.402/ GOS/1980Central Library, BUET2014-12-07
Circulation section  621_402000000000000_GOS19802014-12-0772028  Central Library, BUET Edited Book2014-12-074621.402/ GOS/1980Central Library, BUET2014-12-07
Circulation section  621_402000000000000_GOS_19802014-12-0871964  Central Library, BUET Edited Book2014-12-085621.402/GOS/1980Central Library, BUET2014-12-08